| 000 | 01368nac a22003611i 4500 | ||
|---|---|---|---|
| 003 | EG-ScBUE | ||
| 005 | 20250723093820.0 | ||
| 006 | m||||fq||h 00| 0 | ||
| 008 | 090203t2006 caua f b 001 0 eng d | ||
| 020 | _a080533842X | ||
| 020 | _a9780805338423 | ||
| 040 |
_aEG-ScBUE _beng _erda _cEG-ScBUE _dEG-ScBUE |
||
| 082 | 0 | 4 |
_a541 _bENG _222 |
| 100 | 1 |
_aEngel, Thomas, _d1942- _eauthor. |
|
| 245 | 1 | 0 |
_aPhysical chemistry / _cThomas Engel, University of Washington, Philip Reid, University of Washington. |
| 264 | 1 |
_aSan Francisco : _bPearson/Benjamin Cummings, _c[2006] |
|
| 264 | 4 | _cc2006 | |
| 300 |
_axix, 1061 pages : _bcolor illustrations ; _c29 cm + _e1 CD |
||
| 336 |
_2rdacontent _atext _btxt |
||
| 336 |
_2rdacontent _asounds _bsnd |
||
| 337 |
_aunmediated _2rdamedia _bn |
||
| 337 |
_aaudio _2rdamedia _bs |
||
| 338 |
_avolume _bnc _2rdacarrier |
||
| 338 |
_acomputer disc _bcd _2rdacarrier |
||
| 500 | _aChapter 27. computational chemistry, contributed by / Warren Hehre, CEO, Wavefunction, Inc. | ||
| 500 | _aIncludes Appendices. | ||
| 504 | _aIncludes bibliographical references and index. | ||
| 650 | 7 |
_aChemistry, Physical and theoretical _vTextbooks. _2BUEsh |
|
| 655 | _vReading book | ||
| 700 | 1 |
_aReid, Philip _q(Philip J.), _eauthor. |
|
| 856 | 4 | 1 |
_3Table of contents _uhttp://www.loc.gov/catdir/toc/ecip054/2004029329.html |
| 942 |
_cBB _2ddc |
||
| 999 |
_c2462 _d2462 |
||